[Event "Wch U14 rapid"]
[Site "Batumi"]
[Date "2023.06.08"]
[Round "8"]
[White "Tregubenko, Nikolay"]
[Black "Tabatadze, Erekle"]
[Result "0-1"]
[WhiteElo "1950"]
[BlackElo "1685"]
[PlyCount "138"]
[EventDate "2023.06.06"]
[EventType "swiss (rapid)"]
[EventRounds "11"]
[EventCountry "GEO"]
[SourceTitle "EXT 2024"]
[Source "ChessBase"]
[SourceDate "2023.10.10"]
[SourceVersion "1"]
[SourceVersionDate "2023.10.10"]
[SourceQuality "1"]
[WhiteTeam "FIDE"]
[BlackTeam "Georgia"]
[BlackTeamCountry "GEO"]

1. e4 c5 2. Nf3 Nc6 3. d4 cxd4 4. Nxd4 g6 5. c4 Nf6 6. Nc3 Nxd4 7. Qxd4 d6 8. Be2 Bg7 9. 0-0 0-0 10. h3 a5 11. Qe3 a4 12. Rb1 Be6 13. b4 axb3 14. axb3 Nd7 15. Nd5 Bxd5 16. exd5 Nc5 17. Bb2 Bxb2 18. Rxb2 Ra3 19. Bd1 e5 20. dxe6 fxe6 21. Re1 Qf6 22. Rd2 e5 23. Qc3 Rfa8 24. Bc2 R8a6 25. Red1 Kg7 26. Qb4 Ra1 27. Qc3 Rxd1+ 28. Rxd1 Ne6 29. Qb4 Nc5 30. Bb1 Qe7 31. Qb5 Ne6 32. Be4 Nd4 33. Qxb7 Qxb7 34. Bxb7 Rb6 35. Bd5 Rxb3 36. Ra1 Ne2+ 37. Kh2 Rb6 38. Ra7+ Kh8 39. Ra8+ Kg7 40. Rg8+ Kh6 41. g4 Nf4 42. Bf3 Kg5 43. Kg3 Kf6 44. h4 Rb3 45. g5+ Kf7 46. Rd8 Rd3 47. Rd7+ Kg8 48. Kg4 Rd4 49. Kg3 Rd3 50. Rd8+ Kg7 51. Rd7+ Kg8 52. Rd8+ Kf7 53. Rd7+ Ke6 54. Rxh7 Rc3 55. Rh6 Kf5 56. Rh8 Rxc4 57. Rf8+ Ke6 58. Rf6+ Ke7 59. h5 Nxh5+ 60. Bxh5 gxh5 61. f3 h4+ 62. Kh3 d5 63. Rh6 Kf7 64. Rxh4 Rxh4+ 65. Kxh4 d4 66. Kg3 Kg6 67. f4 d3 68. Kf2 exf4 69. Ke1 f3 0-1

[Event "Wch U14 rapid"]
[Site "Batumi"]
[Date "2023.06.06"]
[Round "1"]
[White "Uskov, Artem"]
[Black "Tabatadze, Erekle"]
[Result "1-0"]
[WhiteElo "2403"]
[BlackElo "1685"]
[PlyCount "86"]
[EventDate "2023.06.06"]
[EventType "swiss (rapid)"]
[EventRounds "11"]
[EventCountry "GEO"]
[SourceTitle "EXT 2024"]
[Source "ChessBase"]
[SourceDate "2023.10.10"]
[SourceVersion "1"]
[SourceVersionDate "2023.10.10"]
[SourceQuality "1"]
[WhiteTeam "FIDE"]
[BlackTeam "Georgia"]
[BlackTeamCountry "GEO"]

1. e4 c5 2. Nf3 Nc6 3. d4 cxd4 4. Nxd4 g6 5. c4 Nf6 6. Nc3 Nxd4 7. Qxd4 d6 8. Be3 Bg7 9. f3 0-0 10. Qd2 a5 11. Rc1 a4 12. Be2 Qa5 13. 0-0 Bd7 14. c5 a3 15. cxd6 exd6 16. bxa3 Qxa3 17. Rfd1 Rfc8 18. Bd4 Qa5 19. Qf4 Nh5 20. Qxd6 Bxd4+ 21. Qxd4 Be6 22. Nd5 Rxc1 23. Rxc1 Bxd5 24. exd5 Qxa2 25. Bf1 Rd8 26. d6 Qe6 27. Rd1 Ng7 28. Bc4 Qd7 29. Qb6 Nf5 30. Bb5 Qc8 31. d7 Qb8 32. Re1 Nd6 33. Qxd8+ Qxd8 34. Re8+ Nxe8 35. dxe8Q+ Qxe8 36. Bxe8 Kf8 37. Ba4 Ke7 38. Kf2 Kd6 39. Bb3 f6 40. Ke3 Kc5 41. Bg8 h6 42. Bh7 g5 43. Ke4 b5 1-0

[Event "World School-ch U13"]
[Site "Rhodes"]
[Date "2023.04.21"]
[Round "8"]
[White "Tenguundalai, Ganbat"]
[Black "Tabatadze, Erekle"]
[Result "1-0"]
[WhiteElo "1347"]
[BlackElo "1876"]
[PlyCount "205"]
[EventDate "2023.04.14"]
[EventType "swiss"]
[EventRounds "9"]
[EventCountry "GRE"]
[SourceTitle "EXT 2024"]
[Source "ChessBase"]
[SourceDate "2023.10.10"]
[SourceVersion "1"]
[SourceVersionDate "2023.10.10"]
[SourceQuality "1"]

1. e4 c5 2. Nf3 Nc6 3. d4 cxd4 4. Nxd4 g6 5. c4 Nf6 6. Nc3 Nxd4 7. Qxd4 d6 8. Be3 Bg7 9. f3 0-0 10. Qd2 a5 11. 0-0-0 a4 12. e5 Nd7 13. exd6 a3 14. b3 exd6 15. h4 Nf6 16. Bh6 Bxh6 17. Qxh6 Qa5 18. Qd2 Be6 19. g4 d5 20. cxd5 Nxd5 21. Nxd5 Bxd5 22. Qxa5 Rxa5 23. Be2 Bc6 24. Rd2 Re8 25. Rf1 Rae5 26. Rf2 Re3 27. Bd1 Re1 28. h5 gxh5 29. gxh5 Rh1 30. f4 Ree1 31. f5 f6 32. Rf4 Rxh5 33. Rd8+ Kg7 34. Kd2 Rhh1 35. Rg4+ Kh6 36. Be2 Ra1 37. Rh8 Rxa2+ 38. Kc3 Be8 39. Rxe8 Raa1 40. Rh8 Rhg1 41. Rxg1 Rxg1 42. Ra8 Rg2 43. Kd2 Rf2 44. Rxa3 Rxf5 45. Ra7 Rd5+ 46. Ke3 Re5+ 47. Kf2 b6 48. Bd3 f5 49. Kf3 Rd5 50. Bc4 Rd4 51. Rb7 Kg6 52. Rxb6+ Kg5 53. Rb8 Rf4+ 54. Ke3 Re4+ 55. Kd2 h5 56. Bd3 Re6 57. Rb5 Rf6 58. Ke3 Kg4 59. Kf2 h4 60. Be2+ Kf4 61. Rb8 Rh6 62. Rb4+ Kg5 63. Rd4 h3 64. Bf3 h2 65. Bh1 Rh3 66. b4 Rb3 67. Kg2 Rb2+ 68. Kh3 Kf6 69. Rd6+ Ke5 70. Rd5+ Kf4 71. b5 Rc2 72. Bg2 Rb2 73. Rc5 Rb3+ 74. Kxh2 Kg4 75. Bf1 Rb2+ 76. Kg1 f4 77. Rc6 Kg3 78. Rg6+ Kh4 79. Rg8 f3 80. Bd3 Rb3 81. Bc4 Rb4 82. Bf1 Rb2 83. Rg6 Kh5 84. Rg3 f2+ 85. Kg2 Kh4 86. Rf3 Kg4 87. Rxf2 Rb3 88. Rf6 Rb2+ 89. Kg1 Kg5 90. Rf7 Kg6 91. Rf2 Rb1 92. Kg2 Kg5 93. Kg3 Rb3+ 94. Rf3 Rb1 95. Bd3 Rb2 96. Rf5+ Kh6 97. Kf4 Rb3 98. Ke3 Kg7 99. Kd4 Rb4+ 100. Kc3 Ra4 101. b6 Ra8 102. b7 Rb8 103. Be4 1-0

[Event "Wch U12"]
[Site "Batumi"]
[Date "2022.09.25"]
[Round "9"]
[White "Tabatadze, Erekle"]
[Black "Durucay, Uygar"]
[Result "1/2-1/2"]
[WhiteElo "1643"]
[BlackElo "1918"]
[PlyCount "63"]
[EventDate "2022.09.16"]
[EventType "swiss"]
[EventRounds "11"]
[EventCountry "GEO"]
[SourceTitle "EXT 2023"]
[Source "ChessBase"]
[SourceDate "2022.10.05"]
[SourceVersion "1"]
[SourceVersionDate "2022.10.05"]
[SourceQuality "1"]

1. d4 Nf6 2. c4 e6 3. Nc3 Bb4 4. e3 c5 5. Bd3 Nc6 6. Nge2 Bxc3+ 7. bxc3 d6 8. 0-0 0-0 9. e4 e5 10. Rb1 b6 11. f4 exd4 12. cxd4 cxd4 13. Bb2 Re8 14. Ng3 Bb7 15. Re1 Re6 16. Rc1 Qe8 17. Bb1 h5 18. Nxh5 Nxh5 19. Qxh5 d3 20. Qd5 Nb4 21. Qd4 f6 22. Ba3 Nc2 23. Bxc2 dxc2 24. Rxc2 Bxe4 25. Rc3 Qg6 26. Rg3 Qf5 27. Rge3 Rae8 28. Bxd6 Rd8 29. Rxe4 Rdxd6 30. Qe3 Rxe4 31. Qxe4 Qxe4 32. Rxe4 1/2-1/2

[Event "Wch U12"]
[Site "Batumi"]
[Date "2022.09.20"]
[Round "5"]
[White "Tabatadze, Erekle"]
[Black "Tudor, Henry Edward"]
[Result "1/2-1/2"]
[WhiteElo "1643"]
[BlackElo "1927"]
[PlyCount "92"]
[EventDate "2022.09.16"]
[EventType "swiss"]
[EventRounds "11"]
[EventCountry "GEO"]
[SourceTitle "EXT 2023"]
[Source "ChessBase"]
[SourceDate "2022.10.05"]
[SourceVersion "1"]
[SourceVersionDate "2022.10.05"]
[SourceQuality "1"]

1. d4 Nf6 2. c4 e6 3. Nc3 Bb4 4. e3 0-0 5. Bd3 c5 6. Nf3 d5 7. cxd5 cxd4 8. exd4 Qxd5 9. 0-0 Bxc3 10. bxc3 b6 11. c4 Qd8 12. Bg5 Bb7 13. Qe2 Nc6 14. Rad1 Kh8 15. Bb1 Ne7 16. Ne5 Qe8 17. Rd3 Nfg8 18. Rh3 f5 19. Re1 Nf6 20. g4 Kg8 21. Bxf6 Rxf6 22. g5 Rf8 23. Nf3 Ng6 24. Rg3 Qc6 25. Qxe6+ Qxe6 26. Rxe6 f4 27. Rh3 Bc8 28. Rxh7 Bxe6 29. Bxg6 Bf5 30. Bxf5 Rxf5 31. Rh4 Rc8 32. Ne5 Rxg5+ 33. Kf1 Rf5 34. Rh3 f3 35. Rh4 g5 36. Rg4 Kg7 37. h3 Kf6 38. h4 gxh4 39. Rxh4 b5 40. c5 Rxe5 41. dxe5+ Kxe5 42. Rh5+ Kd4 43. Rh3 Ke4 44. Rh4+ Kd3 45. Rf4 Rxc5 46. Rxf3+ Kc2 1/2-1/2

[Event "EU-ch Schools U13"]
[Site "Rhodes"]
[Date "2022.04.29"]
[Round "9"]
[White "Hasanli, Ziya"]
[Black "Tabatadze, Erekle"]
[Result "0-1"]
[WhiteElo "1555"]
[BlackElo "1557"]
[PlyCount "72"]
[EventDate "2022.04.21"]
[EventType "swiss"]
[EventRounds "9"]
[EventCountry "GRE"]
[SourceTitle "CBM 208 Extra"]
[Source "ChessBase"]
[SourceDate "2022.07.31"]
[SourceVersion "1"]
[SourceVersionDate "2022.07.31"]
[SourceQuality "1"]

1. d4 Nf6 2. c4 e6 3. Nc3 Bb4 4. e3 b6 5. Bd3 Bb7 6. Nf3 0-0 7. 0-0 d5 8. a3 Bd6 9. Nd2 Nbd7 10. b3 c5 11. Bb2 cxd4 12. exd4 Rc8 13. Re1 Bc6 14. Nf3 dxc4 15. Bxc4 Nd5 16. Nxd5 Bxd5 17. Bxd5 exd5 18. Rc1 Nf6 19. Ne5 Bxe5 20. dxe5 Rxc1 21. Bxc1 Ne4 22. f3 Nc5 23. b4 Ne6 24. Qd3 Qh4 25. g3 Qc4 26. Rd1 Rc8 27. Be3 d4 28. Bf2 Qxd3 29. Rxd3 Rc3 30. Rd1 Rxf3 31. a4 Rb3 32. b5 Rb4 33. a5 bxa5 34. Rc1 h6 35. Rc8+ Kh7 36. Ra8 d3 0-1

[Event "EU-ch Schools U11"]
[Site "Tornelo INT"]
[Date "2021.12.03"]
[Round "2"]
[White "Tabatadze, Erekle"]
[Black "Calin, Mihai Octavian"]
[Result "1-0"]
[WhiteElo "1557"]
[BlackElo "1283"]
[PlyCount "125"]
[EventDate "2021.12.03"]
[EventType "swiss (rapid)"]
[EventRounds "7"]
[EventCountry "NET"]
[SourceTitle "EXT 2023"]
[Source "ChessBase"]
[SourceDate "2022.10.05"]
[SourceVersion "1"]
[SourceVersionDate "2022.10.05"]
[SourceQuality "1"]

1. d4 Nf6 2. c4 e5 3. dxe5 Ng4 4. Nf3 Nc6 5. e3 Ngxe5 6. Be2 Bb4+ 7. Bd2 Nxf3+ 8. Bxf3 Bxd2+ 9. Nxd2 0-0 10. 0-0 Ne5 11. Qe2 d6 12. Rfd1 Nxf3+ 13. Qxf3 Qg5 14. h3 Qg6 15. Rac1 h5 16. c5 Bd7 17. cxd6 cxd6 18. Nc4 Bc6 19. Qg3 Qxg3 20. fxg3 d5 21. Na5 Rac8 22. Rd4 Rfe8 23. Kf2 f6 24. b4 Red8 25. Rc5 Rd7 26. b5 Rdc7 27. bxc6 b6 28. Rcxd5 bxa5 29. Rxa5 Rxc6 30. Rxa7 Rc2+ 31. Kf3 Re8 32. Rdd7 Rc3 33. Rxg7+ Kh8 34. Rh7+ Kg8 35. Rag7+ Kf8 36. Rh8+ Kxg7 37. Rxe8 Ra3 38. Re7+ Kg6 39. g4 h4 40. g3 hxg3 41. Kxg3 Rxa2 42. h4 Ra3 43. h5+ Kh6 44. Kf4 Ra5 45. Rf7 Ra6 46. Kf5 Ra3 47. Rxf6+ Kg7 48. Re6 Kf7 49. Re5 Ra8 50. e4 Ra1 51. Rb5 Rf1+ 52. Kg5 Kg8 53. e5 Kf7 54. Rb6 Re1 55. e6+ Kg8 56. Kg6 Kf8 57. g5 Ke7 58. h6 Rh1 59. Kg7 Rh5 60. g6 Kd8 61. h7 Rc5 62. h8Q+ Ke7 63. Qf8# 1-0

[Event "EU-ch Hybrid U12"]
[Site "Tornelo INT"]
[Date "2021.10.15"]
[Round "1"]
[White "Tabatadze, Erekle"]
[Black "Butolo, Alexandru Mircea"]
[Result "0-1"]
[WhiteElo "1343"]
[BlackElo "1824"]
[PlyCount "104"]
[EventDate "2021.10.15"]
[EventType "swiss"]
[EventRounds "9"]
[EventCountry "NET"]
[SourceTitle "EXT 2023"]
[Source "ChessBase"]
[SourceDate "2022.10.05"]
[SourceVersion "1"]
[SourceVersionDate "2022.10.05"]
[SourceQuality "1"]
[WhiteTeam "Georgia"]
[BlackTeam "Romania"]
[WhiteTeamCountry "GEO"]
[BlackTeamCountry "ROU"]

1. d4 Nf6 2. c4 e6 3. Nc3 Bb4 4. e3 c5 5. Nf3 Nc6 6. a3 Bxc3+ 7. bxc3 d6 8. Bd3 0-0 9. e4 e5 10. 0-0 cxd4 11. cxd4 exd4 12. Qc2 Bg4 13. Nd2 Nd7 14. Bb2 Nc5 15. f4 Qb6 16. Rab1 Be2 17. Bxe2 d3 18. Bxd3 Nxd3+ 19. Kh1 Nf2+ 20. Rxf2 Qxf2 21. Qc3 f6 22. Nf3 Rae8 23. Qd3 Qc5 24. Ba1 Na5 25. Nd2 b6 26. Bd4 Qc7 27. Bc3 Nb7 28. Re1 Nc5 29. Qd5+ Qf7 30. Qxd6 Rd8 31. Qc6 Rd3 32. Rc1 Rfd8 33. Nf3 Qxc4 34. Bd2 Qf7 35. Bb4 Qd7 36. Qxd7 R3xd7 37. Bxc5 bxc5 38. Kg1 Rd1+ 39. Rxd1 Rxd1+ 40. Kf2 c4 41. Ke2 Rd8 42. e5 fxe5 43. fxe5 c3 44. Ne1 Kf7 45. Ke3 Ke6 46. Nc2 Kxe5 47. h4 h5 48. g3 g6 49. a4 a5 50. Na3 Kf5 51. Kf3 Rd3+ 52. Ke2 Rxg3 0-1

[Event "EU-ch Hybrid U12"]
[Site "Tornelo INT"]
[Date "2021.10.15"]
[Round "3"]
[White "Tabatadze, Erekle"]
[Black "Cieslak, Patryk"]
[Result "0-1"]
[WhiteElo "1343"]
[BlackElo "1652"]
[PlyCount "156"]
[EventDate "2021.10.15"]
[EventType "swiss"]
[EventRounds "9"]
[EventCountry "NET"]
[SourceTitle "EXT 2023"]
[Source "ChessBase"]
[SourceDate "2022.10.05"]
[SourceVersion "1"]
[SourceVersionDate "2022.10.05"]
[SourceQuality "1"]
[WhiteTeam "Georgia"]
[BlackTeam "Poland"]
[WhiteTeamCountry "GEO"]
[BlackTeamCountry "POL"]

1. d4 e6 2. c4 b6 3. e4 Bb4+ 4. Bd2 Bxd2+ 5. Qxd2 d5 6. cxd5 exd5 7. e5 Ne7 8. Nc3 Bb7 9. f4 f6 10. exf6 gxf6 11. Nf3 Qd7 12. Bd3 Nbc6 13. 0-0-0 0-0-0 14. Ne2 Nf5 15. g4 Nd6 16. g5 Ne4 17. Qe3 Rde8 18. gxf6 Nc3 19. Ne5 Nxd1 20. Rxd1 Qe6 21. f7 Re7 22. f5 Qd6 23. f6 Qxf6 24. Qh3+ Kd8 25. Rf1 Qg5+ 26. Kb1 Qg7 27. Qxh7 Rxh7 28. f8Q+ Re8 29. Nf7+ Qxf7 30. Rxf7 Rxf8 31. Rxf8+ Ke7 32. Bxh7 Kxf8 33. Kc2 Ba6 34. Nf4 Nxd4+ 35. Kd2 Bb7 36. Ke3 c5 37. h4 Nb5 38. Bd3 Nd6 39. Ne2 Kg7 40. Kf4 Kf6 41. h5 Nf7 42. Ng3 Ng5 43. h6 Nh3+ 44. Ke3 d4+ 45. Kd2 Nf4 46. h7 Kg7 47. Bf5 Bd5 48. a3 Bf7 49. Ne4 Be6 50. Bxe6 Nxe6 51. Nd6 Nd8 52. b4 Nc6 53. b5 Ne5 54. Nc8 c4 55. Nxa7 c3+ 56. Kc2 Nc4 57. Kb3 Na5+ 58. Kc2 Nc4 59. Kb3 Ne3 60. Nc6 c2 61. Kb2 d3 62. Kc1 Nd5 63. Ne5 Nf4 64. Nxd3 Nxd3+ 65. Kxc2 Nc5 66. Kc3 Kxh7 67. Kb4 Nb7 68. a4 Na5 69. Kc3 Kg6 70. Kd4 Kf6 71. Kd5 Kf5 72. Kd6 Ke4 73. Kc7 Nc4 74. Kb7 Kd5 75. Ka6 Kc5 76. Ka7 Kb4 77. a5 bxa5 78. b6 Nxb6 0-1

[Event "EU-ch Hybrid U12"]
[Site "Tornelo INT"]
[Date "2021.10.15"]
[Round "5"]
[White "Tabatadze, Erekle"]
[Black "Grabs, Peter"]
[Result "1-0"]
[WhiteElo "1343"]
[BlackElo "1630"]
[PlyCount "87"]
[EventDate "2021.10.15"]
[EventType "swiss"]
[EventRounds "9"]
[EventCountry "NET"]
[SourceTitle "EXT 2023"]
[Source "ChessBase"]
[SourceDate "2022.10.05"]
[SourceVersion "1"]
[SourceVersionDate "2022.10.05"]
[SourceQuality "1"]
[WhiteTeam "Georgia"]
[BlackTeam "Germany"]
[WhiteTeamCountry "GEO"]
[BlackTeamCountry "GER"]

1. d4 e6 2. c4 d5 3. Nc3 Nf6 4. Bg5 c6 5. e3 Be7 6. Nf3 h6 7. Bh4 0-0 8. Bd3 dxc4 9. Bxc4 Nd5 10. Bg3 Nd7 11. 0-0 N7f6 12. Bd3 Nh5 13. e4 Nxc3 14. bxc3 Nxg3 15. hxg3 Kh8 16. e5 c5 17. Qe2 cxd4 18. cxd4 Rb8 19. Rac1 b6 20. Be4 Bb7 21. Bxb7 Rxb7 22. Rc6 Rc7 23. Rfc1 Rxc6 24. Rxc6 g5 25. g4 Qd7 26. Qc4 Bc5 27. Qa4 b5 28. Qa6 Bb6 29. Rd6 Qc8 30. Qxb5 Qc1+ 31. Qf1 Qf4 32. Rc6 Qxg4 33. Qd3 Rd8 34. Rd6 Qf4 35. Rxd8+ Bxd8 36. g3 Qc1+ 37. Kg2 Qc6 38. g4 h5 39. Kg3 h4+ 40. Kh2 Qc1 41. Nd2 Ba5 42. Ne4 Qf4+ 43. Kh3 Be1 44. Nf6 1-0